Tenisiści - nagła śmierć - Statystyki

Ogólne statystyki
  • Ten quiz został rozwiązany 456 razy
  • Średni wynik to 9 z 12
Answers on the Grid
Answers color-coded by a green-red scale on the quiz's grid according to % correct below.
Novak Djoković
Conor McGregor
Michael Phelps
Mario Mandžukić
Roger Federer
Rafael Nadal
Noah Lyles
Armand Duplantis
Hubert Hurkacz
Nikola Jokić
Daniił Miedwiediew
Stefanos Tsitsipas
Ołeksandr Usyk
Kei Nishikori
Alessandro Del Piero
Bob Marley
Łukasz Kubot
Sandro Tonali
Carlos Alcaraz
Casper Ruud
Yohan Blake
Jakob Ingebrigtsen
James Harden
Ben Shelton
Miralem Pjanić
Jannik Sinner
Riccardo Calafiori
Francis Ngannou
 
Statystyki odpowiedzi
Odpowiedź % Poprawnych
Novak Djoković
98%
Hubert Hurkacz
89%
Rafael Nadal
87%
Roger Federer
86%
Daniił Miedwiediew
79%
Stefanos Tsitsipas
79%
Carlos Alcaraz
77%
Jannik Sinner
76%
Casper Ruud
68%
Ben Shelton
66%
Łukasz Kubot
62%
Kei Nishikori
60%
Nie znaleziono quizów pasujących do podanych kryteriów
Rozkład punktacji
Procent ludzi z każdym wynikiem
Percentyl według liczby udzielonych odpowiedzi
Twoja historia wyników
Nie rozwiązałeś tego quizu